[Event "Titled Tuesday intern op 5th May"]
[Site "Chess.com INT"]
[Date "2020.05.05"]
[Round "7"]
[White "Bayar, Anu"]
[Black "Rocha, Maximiliano"]
[Result "1-0"]
[WhiteElo "2216"]
[BlackElo "2116"]
[PlyCount "99"]
[EventDate "2020.05.05"]
[EventType "swiss (blitz)"]
[EventRounds "10"]
[EventCountry "USA"]
[SourceTitle "EXT 2021"]
[Source "ChessBase"]
[SourceDate "2020.10.23"]
[SourceVersion "1"]
[SourceVersionDate "2020.10.23"]
[SourceQuality "1"]

1. d4 d5 2. c4 e6 3. Nc3 Nf6 4. Bg5 Be7 5. cxd5 exd5 6. e3 c6 7. Qc2 Nbd7 8. Bd3 Nf8 9. Nf3 Ne6 10. Bh4 g6 11. 0-0 Ng7 12. Ne5 0-0 13. a3 Bf5 14. b4 Bxd3 15. Qxd3 Nf5 16. Bg5 h6 17. Bf4 Rc8 18. g4 Nh4 19. Bxh6 Re8 20. Bg5 Nh7 21. Bxh4 Bxh4 22. f4 Bf6 23. g5 Bg7 24. Rf3 b6 25. Raf1 c5 26. dxc5 Bxe5 27. fxe5 Nxg5 28. Rg3 Rxe5 29. cxb6 axb6 30. Qd4 Qe7 31. Nxd5 Qe6 32. Nf6+ Kg7 33. Nd7 Nh3+ 34. Rxh3 Qxh3 35. Qxe5+ Kg8 36. Nf6+ Kf8 37. Qg3 Qe6 38. Ng4 Rc2 39. Ne5 Kg8 40. Qf4 Rc7 41. Ng4 Re7 42. Nf6+ Kg7 43. e4 Qe5 44. Qxe5 Rxe5 45. Nd7 Rxe4 46. Nxb6 Re3 47. a4 Rb3 48. b5 Ra3 49. Rb1 Rxa4 50. Nxa4 1-0

[Event "World op 45th"]
[Site "Philadelphia"]
[Date "2017.07.02"]
[Round "5"]
[White "Bayar, Anu"]
[Black "Yanayt, Eugene"]
[Result "1-0"]
[WhiteElo "2041"]
[BlackElo "2182"]
[PlyCount "37"]
[EventDate "2017.06.29"]
[EventType "swiss"]
[EventRounds "9"]
[EventCountry "USA"]
[SourceTitle "CBM 179 Extra"]
[Source "ChessBase"]
[SourceDate "2017.08.23"]
[SourceVersion "1"]
[SourceVersionDate "2017.08.23"]
[SourceQuality "1"]

1. d4 Nf6 2. c4 g6 3. Nc3 Bg7 4. e4 d6 5. f3 0-0 6. Be3 c5 7. dxc5 dxc5 8. Qxd8 Rxd8 9. Bxc5 Nc6 10. Nge2 Nd7 11. Be3 Nce5 12. Nf4 e6 13. Rc1 b6 14. Be2 Ba6 15. b3 Bh8 16. 0-0 g5 17. Nh3 h6 18. Nf2 Bf6 19. h4 1-0

[Event "Wch U18 Girls"]
[Site "Caldas Novas"]
[Date "2011.11.22"]
[Round "5"]
[White "Kaplan, Ebru"]
[Black "Bayar, Anu"]
[Result "1-0"]
[WhiteElo "1849"]
[BlackElo "2050"]
[PlyCount "77"]
[EventDate "2011.11.18"]
[EventType "swiss"]
[EventRounds "9"]
[EventCountry "BRA"]
[SourceTitle "EXT 2013"]
[Source "ChessBase"]
[SourceDate "2012.11.22"]
[SourceVersion "1"]
[SourceVersionDate "2012.11.22"]
[SourceQuality "1"]

1. e4 c5 2. Nf3 d6 3. d4 cxd4 4. Nxd4 Nf6 5. Nc3 g6 6. Be3 Bg7 7. f3 0-0 8. Qd2 Nc6 9. 0-0-0 d5 10. Kb1 Nxd4 11. e5 Nd7 12. Bxd4 Nxe5 13. Qe3 f6 14. Bxe5 fxe5 15. Nxd5 e6 16. Nc3 Qe7 17. h4 Bd7 18. h5 Rfd8 19. hxg6 hxg6 20. Bd3 Be8 21. Ne4 Rd4 22. g4 Bc6 23. c3 Ra4 24. Nc5 Rf4 25. Bxg6 Rxf3 26. Bh7+ Kf8 27. Rdf1 Qf7 28. Rxf3 Bxf3 29. Nxe6+ Ke7 30. Ng5 Bxh1 31. Qc5+ Ke8 32. Nxf7 Kxf7 33. Qc7+ Kf8 34. Bg6 Kg8 35. Qf7+ Kh8 36. Bf5 Bc6 37. Qh5+ Kg8 38. Be6+ Kf8 39. Qf7# 1-0